Kompetence ve vzdělávání a profesním rozvoji /

Hlavní autor: Veteška, Jaroslav, 1973-
Korporativní autor: Univerzita Karlova. Katedra andragogiky a managementu vzdělávání
Další autoři: Tureckiová, Michaela
Jazyk: Čeština
Vydáno: Praha : Česká andragogická společnost, 2020
Vydání: První vydání
Témata:
Fyzický popis: 171 stran : ilustrace ; 23 cm
Knihy
Uloženo v:
LEADER 02283nam a2200565 i 4500
001 nkc20203275774
003 CZ PrNK
005 20220905113320.0
007 ta
008 201211s2020 xr a e p 000 0 cze
015 |a cnb003275774 
020 |a 978-80-907809-5-8  |q (brožováno) 
035 |a (OCoLC)1257529186 
040 |a ABA001  |b cze  |d BOA001  |e rda 
072 7 |a 374  |x Výchova a vzdělávání dospělých. Mimoškolní výchova a vzdělávání  |2 Konspekt  |9 22 
072 7 |a 37.016  |x Učební osnovy. Vyučovací předměty. Učebnice  |2 Konspekt  |9 22 
080 |a 374.7  |2 MRF 
080 |a 37.015.311  |2 MRF 
080 |a 331.546  |2 MRF 
080 |a 005  |2 MRF 
080 |a (075.8)  |2 MRF 
100 1 |a Veteška, Jaroslav,  |d 1973-  |7 xx0022822  |4 aut 
245 1 0 |a Kompetence ve vzdělávání a profesním rozvoji /  |c Jaroslav Veteška, Michaela Tureckiová 
250 |a První vydání 
264 1 |a Praha :  |b Česká andragogická společnost,  |c 2020 
300 |a 171 stran :  |b ilustrace ;  |c 23 cm 
336 |a text  |b txt  |2 rdacontent 
337 |a bez média  |b n  |2 rdamedia 
338 |a svazek  |b nc  |2 rdacarrier 
500 |a Na obálce: Pedagogická fakulta, katedra andragogiky a managementu vzdělávání, Univerzita Karlova 
504 |a Obsahuje bibliografie a bibliografické odkazy 
650 0 7 |a vzdělávání dospělých  |7 ph162891  |2 czenas 
650 0 7 |a klíčové kompetence  |7 ph165772  |2 czenas 
650 0 7 |a profesní kompetence  |7 ph136580  |2 czenas 
650 0 7 |a management  |7 ph115217  |2 czenas 
650 0 9 |a adult learning  |2 eczenas 
650 0 9 |a key competencies  |2 eczenas 
650 0 9 |a vocational qualifications  |2 eczenas 
650 0 9 |a management  |2 eczenas 
655 7 |a učebnice vysokých škol  |7 fd133772  |2 czenas 
655 9 |a textbooks (higher)  |2 eczenas 
700 1 |a Tureckiová, Michaela  |7 xx0022818  |4 aut 
710 2 |a Univerzita Karlova.  |b Katedra andragogiky a managementu vzdělávání  |7 ko20191043447  |4 res 
910 2 |a BOA001  |b 2-1460.697 
928 9 |a ČAS 
990 |a BK 
995 |a 01 
991 |b 202104  |c NOV 
996 6 |b 2610856338  |c 2-1460.697  |l MZK  |r Sklad / do 1 hodiny  |n 6  |p p.v.  |w 001842123  |u 000010  |a 1  |e BOA001  |j MZK50  |s P 
996 7 |b 2610870418  |c 2-1460.697  |l Vol.výběr  |r VV 0p  |n 15  |p kup  |h 374 VET  |w 001842123  |u 000020  |a 0  |e BOA001  |j MZK50  |s A